The Nigeria Land Law. (Record no. 43208)

MARC details
000 -LEADER
fixed length control field 00413nam a2200181Ia 4500
020 ## - INTERNATIONAL STANDARD BOOK NUMBER
ISBN 9789785405644
050 ## - CALL MARK
Classification number KP 103 .T2/
100 ## - STATEMENT OF RESPONSIBILITY--MAIN AUTHOR NAME
Personal name Adewale Taiwo
245 #4 - TITLE STATEMENT
Title The Nigeria Land Law.
260 ## - PUBLICATION, DISTRIBUTION, ETC. (IMPRINT)
Place of publication lkeja,Lagos.
260 ## - PUBLICATION, DISTRIBUTION, ETC. (IMPRINT)
Name of publisher Princeton.
260 ## - PUBLICATION, DISTRIBUTION, ETC. (IMPRINT)
Year of publication 2016
300 ## - PHYSICAL DESCRIPTION
Number of Pages 344 p
650 ## - SUBJECT ADDED ENTRY--TOPICAL TERM
Topical Term lkeja,Lagos.
942 ## - ADDED ENTRY ELEMENTS (KOHA)
Koha item type Books

No items available.